00787nam a2200253 a 4500001001300000003000900013005001700022008004100039020001000080082002100090100002000111245005900131260004400190300001000234500003500244505001000279650003600289650003400325700002000359902000800379942000700387952012200394999001700516nice12345678IN_TiNIC20260116013730.0050524s1998 lona grp 000 0 eng  ac45000a305.6945008bKAW aKawashima, Koji aMissionaries and a Hindu Stateb Travancore 1858-1936. aLondan bOxford University Press c1998 a252p. aincludes index and biblioraphy2 aIndex aHinduism-Relations-Christianity aTravancore 1858-1936-missions1 aKawashima, Koji bSRS cBK 001040708StackRoom-aHMIbHMId2007-03-28g450.00l0o305.6945008 KAWp018428r2007-03-28v450.00w2005-05-24yBK c12212d12212